Inteligentné budovy a inteligentné siete

Saved in:
Bibliographic Details
Main Author: Villaverde Huertas, Natália (Author)
Other Authors: Vlnka, Ján (Thesis advisor)
Format: Manuscript Book
Language:Slovak
Published: 2017
Subjects:
Online Access:http://is.stuba.sk/zp/portal_zp.pl?podrobnosti=130063
Tags: Add Tag
No Tags, Be the first to tag this record!

MARC

LEADER 00000ntm a22000003a 4500
001 stuzp58777
003 SK-STU
005 20170624210712.8
007 ta
008 150427s2015----xo-----f-mn---000-0-slo-d
040 |a STU  |b slo 
041 0 |a slo 
100 1 |a Villaverde Huertas, Natália  |u 020020  |4 aut  |U SjF Strojnícka fakulta  |T SjF Ústav automatizácie, merania a aplikovanej informatiky  |X 7612  |U J0020  |Y 802  |7 7612 
242 0 1 |a Intelligent buildings and intelligent networks  |y eng 
245 1 0 |a Inteligentné budovy a inteligentné siete 
260 |c 2017 
650 4 |a Smart Grids  |2 slo 
650 4 |a elektromer  |2 slo 
650 4 |a regulácia teploty  |2 slo 
650 4 |a Smart Grids  |2 eng 
650 4 |a electric meter  |2 eng 
650 4 |a regulation of the temperature  |2 eng 
700 1 |a Vlnka, Ján  |u 020020  |k Z1  |4 ths  |U SjF Strojnícka fakulta  |T SjF Ústav automatizácie, merania a aplikovanej informatiky  |X 2405  |U J0020  |Y 802  |7 A000002405 
856 4 |u http://is.stuba.sk/zp/portal_zp.pl?podrobnosti=130063 
996 |b 284J045281  |c J* 2751/BP  |l JJSK  |s A  |a 24  |w stuzp58777_0001